| 000 | 01077naa a22002897u 4500 | ||
|---|---|---|---|
| 001 | 07032 | ||
| 003 | HDC | ||
| 007 | cr bn ---aaaaa | ||
| 008 | 210126s1995 ilu eng | ||
| 040 | _aHDC | ||
| 245 | 0 |
_aMethods to Assess Quality and Stability of Oils and Fat Containing Foods / _ceditors Kathleen Warner and N.A. Michael Eskin |
|
| 260 |
_aChampaign, Illinois : _bAOCS Press, _c1995 |
||
| 300 | _a5 pages | ||
| 336 |
_atext _2rdacontent |
||
| 337 |
_acomputer _2rdamedia |
||
| 338 |
_aonline resource _2rdacarrier |
||
| 500 | _aOriginal from book | ||
| 650 |
_aFood adulteration and inspection _94853 |
||
| 650 |
_aFood industry and trade _xQuality control _9571 |
||
| 650 |
_aOils and fats, Edible _xQuality control _97527 |
||
| 700 |
_aEskin, N.A. Michael, _eeditor _97528 |
||
| 700 |
_aWarner, Kathleen, _eeditor _96635 |
||
| 856 | _zRequest full-text at [email protected] | ||
| 942 | _2lcc | ||
| 942 | _cCHAP | ||
| 942 | _kEBCH 000428 | ||
| 999 |
_c4356 _d4356 |
||